000 00533nam a2200217Ia 4500
003 OSt
005 20220928141454.0
006 a|||||r|||| 00| 0
007 ta
008 220927b |||||||| |||| 00| 0 eng d
024 _a15376
037 _cTextual
040 _aSDCL
_cSDCL
_beng
041 _2eng
_aeng
082 _aO122,3N05,4, N6
100 _aSartr Jayan Paul
_9500467
245 0 _aNekrasov.
260 _c1996
942 _hO122,3N05,4, N6
_cTEXL
_2CC
999 _c817783
_d817783